Agenda del salitre.

Guardado en:
Detalles Bibliográficos
Autores Corporativos: SQM (Autor), Sociedad Química y Minera de Chile
Formato: Libro
Lenguaje:español
Publicado: Santiago, Chile SOQUIMICH COMERCIAL 2001
Edición:Undécima edición
Materias:
Etiquetas: Agregar Etiqueta
Sin Etiquetas, Sea el primero en etiquetar este registro!

MARC

LEADER 00000nam a2200000 a 4500
001 UCN5206
003 CL-VaPUC
005 20250320164538.0
008 010824e20010000CL |||||||||||||||||spa|d
999 |c 296863  |d 296861 
020 |a 9568058001 
040 |c Pontificia Universidad Católica de Valparaíso 
082 0 4 |a 622.364 SQM 2001  |2 21 
110 2 |a SQM  |e author  |9 461234 
245 1 0 |a Agenda del salitre. 
250 |a Undécima edición 
260 0 3 |a Santiago, Chile  |b SOQUIMICH COMERCIAL  |c 2001 
300 |a 1515 páginas. 
583 |a last modification  |c 20121001 12:15:28  |k Rodrigo Vera 
610 |a Soquimich  |9 886270 
650 0 |a Salitre  |9 264819 
650 0 |a Industria agrícola  |9 262833 
650 0 |a Suelo  |9 259682  |x Conservación  
651 7 |a Chile  |2 CL-VaPUC  |9 461237 
710 2 |a Sociedad Química y Minera de Chile  |9 461235 
942 |c BK  |2 ddc 
945 |d 20010824 00:00:00  |a cmena 
952 |0 0  |1 0  |2 ddc  |4 0  |6 622_364000000000000_SQM_2001  |7 0  |8 R  |9 351119  |a BIBAGR  |b BIBAGR  |d 2019-11-21  |i 3749851  |l 1  |o 622.364 SQM 2001  |p 3749851  |r 2025-01-20  |s 2022-04-08  |t 4  |w 2019-11-21  |y BK_R  |k AGR 
952 |0 0  |1 0  |2 ddc  |4 0  |6 622_364000000000000_SQM_2001  |7 0  |8 R  |9 351120  |a BIBAGR  |b BIBAGR  |d 2019-11-21  |i 3870723  |o 622.364 SQM 2001  |p 3870723  |r 2025-01-20  |t 5  |w 2019-11-21  |y BK_R  |k AGR 
952 |0 0  |1 0  |2 ddc  |4 0  |6 622_364000000000000_SQM_2001  |7 0  |8 R  |9 351121  |a BIBAGR  |b BIBAGR  |d 2019-11-21  |i 3870731  |o 622.364 SQM 2001  |p 3870731  |r 2025-01-20  |t 6  |w 2019-11-21  |y BK_R  |k AGR 
952 |0 0  |1 0  |2 ddc  |4 0  |6 622_364000000000000_SQM_2001  |7 0  |8 R  |9 351122  |a BIBAGR  |b BIBAGR  |d 2019-11-21  |i 3873668  |o 622.364 SQM 2001  |p 3873668  |r 2025-01-20  |t 7  |w 2019-11-21  |y BK_R  |k AGR 
952 |0 0  |1 0  |2 ddc  |4 0  |6 622_364000000000000_SQM_2001  |7 0  |8 R  |9 351123  |a BIBAGR  |b BIBAGR  |d 2019-11-21  |i 4327810  |o 622.364 SQM 2001  |p 4327810  |r 2025-01-20  |t 8  |w 2019-11-21  |y BK_R  |k AGR 
952 |0 0  |1 0  |2 ddc  |4 0  |6 622_364000000000000_SQM_2001  |7 0  |8 R  |9 351124  |a BIBAGR  |b BIBAGR  |d 2019-11-21  |i 4327829  |o 622.364 SQM 2001  |p 4327829  |r 2025-01-20  |t 9  |w 2019-11-21  |y BK_R  |k AGR 
952 |0 0  |1 0  |2 ddc  |4 0  |6 622_364000000000000_SQM_2001  |7 0  |8 R  |9 351125  |a BIBAGR  |b BIBAGR  |d 2019-11-21  |i 4327837  |o 622.364 SQM 2001  |p 4327837  |r 2025-01-20  |t 10  |w 2019-11-21  |y BK_R  |k AGR 
952 |0 0  |1 0  |2 ddc  |4 0  |6 622_364000000000000_SQM_2001  |7 0  |8 R  |9 351126  |a BIBAGR  |b BIBAGR  |d 2019-11-21  |i 4327845  |l 6  |o 622.364 SQM 2001  |p 4327845  |q 2025-07-30  |r 2025-03-20  |s 2025-03-20  |t 11  |w 2019-11-21  |y BK_R  |k AGR 
952 |0 0  |1 1  |2 ddc  |4 0  |6 622_364000000000000_SQM_2001  |7 0  |8 R  |9 351127  |a BIBAGR  |b BIBAGR  |d 2019-11-21  |i 4327853  |l 1  |o 622.364 SQM 2001  |p 4327853  |r 2022-12-22  |s 2020-03-11  |t 12  |w 2019-11-21  |y BK_R  |k AGR 
952 |0 0  |1 0  |2 ddc  |4 0  |6 622_364000000000000_SQM_2001  |7 0  |8 R  |9 351128  |a BIBAGR  |b BIBAGR  |d 2019-11-21  |i 4327861  |l 3  |o 622.364 SQM 2001  |p 4327861  |r 2025-04-28  |s 2025-04-24  |t 13  |w 2019-11-21  |y BK_R  |k AGR 
952 |0 0  |1 0  |2 ddc  |4 0  |6 622_364000000000000_SQM_2001  |7 0  |8 R  |9 351129  |a BIBAGR  |b BIBAGR  |d 2019-11-21  |i 432787K  |o 622.364 SQM 2001  |p 432787K  |r 2025-01-20  |t 14  |w 2019-11-21  |y BK_R  |k AGR 
952 |0 0  |1 1  |2 ddc  |4 0  |6 622_364000000000000_SQM_2001  |7 0  |8 R  |9 351130  |a BIBAGR  |b BIBAGR  |d 2019-11-21  |i 4327888  |o 622.364 SQM 2001  |p 4327888  |r 2019-11-21  |t 15  |w 2019-11-21  |y BK_R  |k AGR 
952 |0 0  |1 0  |2 ddc  |4 0  |6 622_364000000000000_SQM_2001  |7 0  |8 R  |9 351131  |a BIBAGR  |b BIBAGR  |d 2019-11-21  |i 4327896  |l 2  |o 622.364 SQM 2001  |p 4327896  |r 2025-01-20  |s 2023-03-30  |t 16  |w 2019-11-21  |y BK_R  |k AGR 
952 |0 0  |1 0  |2 ddc  |4 0  |6 622_364000000000000_SQM_2001  |7 0  |8 R  |9 351132  |a BIBAGR  |b BIBAGR  |d 2019-11-21  |i 432790K  |o 622.364 SQM 2001  |p 432790K  |r 2025-01-20  |t 17  |w 2019-11-21  |y BK_R  |k AGR 
952 |0 0  |1 0  |2 ddc  |4 0  |6 622_364000000000000_SQM_2001  |7 0  |8 R  |9 351133  |a BIBAGR  |b BIBAGR  |d 2019-11-21  |i 4327918  |o 622.364 SQM 2001  |p 4327918  |r 2025-01-20  |t 18  |w 2019-11-21  |y BK_R  |k AGR 
952 |0 0  |1 0  |2 ddc  |4 0  |6 622_364000000000000_SQM_2001  |7 0  |8 R  |9 351134  |a BIBAGR  |b BIBAGR  |d 2019-11-21  |i 4327926  |o 622.364 SQM 2001  |p 4327926  |r 2025-01-20  |t 19  |w 2019-11-21  |y BK_R  |k AGR